| 000 | 00719nam a22001817a 4500 | ||
|---|---|---|---|
| 005 | 20231005172336.0 | ||
| 010 | _aB-754834-848 CHEN 25.5.23 | ||
| 020 |
_a9788181536134 V-2 _c180.00 |
||
| 035 | _aB-754834-848 | ||
| 037 | _bRainbow Books | ||
| 082 | _aS | ||
| 245 | _aBig Book of panchtantra stories / | ||
| 260 |
_aNew Delhi _bRainbow Books _c2019 |
||
| 270 |
_aF-32, Street No.12, Parwana Road, Jagat Puri, _bNew Delhi _e110051 |
||
| 300 |
_a64p. _c29cm(Hb) _bcol. ill. |
||
| 942 |
_2ddc _cCH _mBIG _hS |
||
| 999 |
_c196508 _d196508 |
||